原神 各国の主要な祭り - Statistics

General Stats
  • This quiz has been taken 5 times
  • The average score is 5 of 13
Answer Stats
祭り) % Correct
スメール ()(しん)(たん)(さい)
100%
璃月 (かい)(とう)(さい)
100%
モンド 風花(ウィンドブルーム)(さい)
100%
フォンテーヌ 千霊(フォンティナリア)(えい)(えい)(さい)
50%
スメール (がく)(いん)(さい)
50%
璃月 (つき)()(さい)
25%
モンド ブリーズブリュー(さい)
25%
フォンテーヌ イリデッセンスツアー
0%
稲妻 (こう)()容彩(すがたのいろどり)(さい)
0%
スネージナヤ (ひょう)()(さい)
0%
稲妻 (なつ)(まつ)
0%
スネージナヤ ()(げつ)(よる)
0%
モンド バドルドー(さい)
0%
No matching quizzes found
Score Distribution
Percent of People with Each Score
Percentile by Number Answered
Your Score History
You have not taken this quiz